| 000 | 00566cam a2200205 4500 | ||
|---|---|---|---|
| 001 | J1338 | ||
| 008 | 090401t1992 xxu||||| |||| 00| 0 eng d | ||
| 035 | _a(Sirsi) u42982 | ||
| 041 | _aeng | ||
| 110 |
_aEurope _bEuropean Communities Council _92364 |
||
| 245 | _aCouncil Regulation (EEC) No 880/92 of 23 March 1992 on a Community eco-label award scheme. | ||
| 260 | _c1992 | ||
| 300 | _a7p. ; 30cm. | ||
| 350 | _a0 | ||
| 490 |
_aRegulation (EEC) _v880/92 |
||
| 650 | _aEC REGULATIONS | ||
| 650 | _aECO-LABEL AWARD SCHEME | ||
| 942 | _n0 | ||
| 948 | _c04/03/1997 | ||
| 999 |
_c91222 _d91222 |
||